[Event "Wiesbaden op"]
[Site "Wiesbaden"]
[Date "2007.08.09"]
[Round "7"]
[White "Luebbers, Doris"]
[Black "Ehling, Dieter"]
[Result "0-1"]
[WhiteElo "1668"]
[BlackElo "1325"]
[PlyCount "45"]
[EventDate "2007.08.02"]
[EventType "swiss"]
[EventRounds "7"]
[EventCountry "GER"]
[SourceTitle "EXT 2008"]
[Source "ChessBase"]
[SourceDate "2007.11.25"]
[SourceVersion "1"]
[SourceVersionDate "2007.11.25"]
[SourceQuality "1"]

1. d4 d5 2. Bf4 Nf6 3. e3 e6 4. Nd2 Bd6 5. Bxd6 Qxd6 6. Ngf3 Nbd7 7. c3 0-0 8. Be2 c5 9. 0-0 b6 10. Qc2 Bb7 11. Rac1 Rac8 12. Qb1 Rfe8 13. Rfe1 cxd4 14. exd4 Ne4 15. Bd3 f5 16. Nf1 e5 17. dxe5 Nxe5 18. Nxe5 Rxe5 19. f3 Qc5+ 20. Re3 Nd2 21. Nxd2 Qxe3+ 22. Kh1 Qxd2 23. h3 0-1

[Event "Rhein Main op 10th"]
[Site "Bad Homburg"]
[Date "2007.06.09"]
[Round "5"]
[White "Mook, Karl Juergen"]
[Black "Ehling, Dieter"]
[Result "1/2-1/2"]
[WhiteElo "1306"]
[BlackElo "1329"]
[PlyCount "51"]
[EventDate "2007.06.06"]
[EventType "swiss"]
[EventRounds "7"]
[EventCountry "GER"]
[SourceTitle "EXT 2008"]
[Source "ChessBase"]
[SourceDate "2007.11.25"]
[SourceVersion "1"]
[SourceVersionDate "2007.11.25"]
[SourceQuality "1"]

1. Nf3 Nf6 2. g3 e5 3. Nxe5 Bc5 4. d4 Bb6 5. Nf3 d5 6. Bg2 0-0 7. 0-0 Bf5 8. Bg5 Qd6 9. Nc3 Nbd7 10. Nh4 Be4 11. Bf4 Qb4 12. Nxe4 Nxe4 13. Nf5 Qxb2 14. Ne7+ Kh8 15. Nxd5 Nc3 16. Qd3 Nxd5 17. Bxd5 Qxd4 18. Qb3 Nc5 19. Qc4 Qxc4 20. Bxc4 c6 21. Bd6 Rfd8 22. Rad1 f6 23. Bxc5 Bxc5 24. e3 Be7 25. Bd3 g6 26. Be2 1/2-1/2

[Event "Rhein Main op 10th"]
[Site "Bad Homburg"]
[Date "2007.06.06"]
[Round "1"]
[White "Waleschkowski, Norbert"]
[Black "Ehling, Dieter"]
[Result "1-0"]
[WhiteElo "2028"]
[BlackElo "1329"]
[PlyCount "71"]
[EventDate "2007.06.06"]
[EventType "swiss"]
[EventRounds "7"]
[EventCountry "GER"]
[SourceTitle "EXT 2008"]
[Source "ChessBase"]
[SourceDate "2007.11.25"]
[SourceVersion "1"]
[SourceVersionDate "2007.11.25"]
[SourceQuality "1"]

1. d4 d5 2. c4 c6 3. Nf3 Nf6 4. g3 Bf5 5. Bg2 h6 6. 0-0 e6 7. Nc3 Bd6 8. b3 Qc7 9. c5 Be7 10. Bf4 Qd8 11. b4 0-0 12. a4 Nh5 13. Bd2 a6 14. b5 Nd7 15. h3 Nhf6 16. bxc6 bxc6 17. a5 Rb8 18. Na4 Ne4 19. Nb6 Nxd2 20. Qxd2 Be4 21. e3 Rb7 22. Qe2 Nb8 23. Ne5 Bxg2 24. Kxg2 f6 25. Nd3 Qc7 26. Nf4 Rxb6 27. axb6 Qc8 28. Nd3 e5 29. Nb4 exd4 30. exd4 Re8 31. Qd3 f5 32. Nxa6 Bf6 33. Nc7 Re4 34. Ra8 Qb7 35. Rfa1 Qxc7 36. bxc7 1-0

[Event "Karl Mala Memorial op 10th"]
[Site "Griesheim"]
[Date "2006.07.23"]
[Round "6"]
[White "Ehling, Dieter"]
[Black "Gonnermann, Jan"]
[Result "0-1"]
[WhiteElo "1296"]
[BlackElo "1693"]
[PlyCount "60"]
[EventDate "2006.07.20"]
[EventType "swiss"]
[EventRounds "7"]
[EventCountry "GER"]
[SourceTitle "CBM 113 Extra"]
[Source "ChessBase"]
[SourceDate "2006.09.14"]
[SourceVersion "1"]
[SourceVersionDate "2006.09.14"]
[SourceQuality "1"]

1. e4 c5 2. c3 d5 3. exd5 Qxd5 4. Nf3 Bg4 5. Be2 Nc6 6. d4 cxd4 7. cxd4 Qd7 8. Nc3 Bxf3 9. Bxf3 Nxd4 10. Bd5 Ne6 11. Qf3 Nf6 12. Bc4 Nd4 13. Qd3 Nc6 14. Qg3 a6 15. 0-0 Qg4 16. Qxg4 Nxg4 17. Nd5 Rc8 18. Bf4 Nge5 19. Rfe1 Nxc4 20. Nc7+ Kd7 21. Rad1+ Nd6 22. Nd5 Rd8 23. Nb6+ Kc7 24. Nd5+ Kb8 25. Nb6 f6 26. Re6 g5 27. Bg3 Ka7 28. Na4 Nf5 29. Rxd8 Nxd8 30. Bc7 Nxe6 0-1

[Event "Karl Mala Memorial op 10th"]
[Site "Griesheim"]
[Date "2006.07.23"]
[Round "7"]
[White "Stulken, Dietmar"]
[Black "Ehling, Dieter"]
[Result "0-1"]
[WhiteElo "1396"]
[BlackElo "1296"]
[PlyCount "116"]
[EventDate "2006.07.20"]
[EventType "swiss"]
[EventRounds "7"]
[EventCountry "GER"]
[SourceTitle "CBM 113 Extra"]
[Source "ChessBase"]
[SourceDate "2006.09.14"]
[SourceVersion "1"]
[SourceVersionDate "2006.09.14"]
[SourceQuality "1"]

1. d4 d5 2. c4 c6 3. Nc3 Nf6 4. Bg5 e6 5. e3 Be7 6. Nf3 Nbd7 7. Bd3 0-0 8. 0-0 dxc4 9. Bxc4 b5 10. Bd3 a6 11. Rc1 Bb7 12. Bb1 c5 13. Re1 Re8 14. e4 cxd4 15. Nxd4 Rc8 16. e5 Nd5 17. Qd3 g6 18. Bh6 Bg5 19. Bxg5 Qxg5 20. Qg3 Qxg3 21. hxg3 Nxc3 22. Rxc3 Rxc3 23. bxc3 Rc8 24. Re3 Bd5 25. a3 a5 26. Nxb5 Rb8 27. Bd3 Nc5 28. Bf1 Bc6 29. c4 Ne4 30. f4 Nd2 31. Be2 Kf8 32. Kh2 Be4 33. Nc3 Rb3 34. Bf3 Nf1+ 35. Kh3 Nxe3 36. Nxe4 Nxc4 37. a4 Ra3 38. Nc5 Nb6 39. Bc6 Ke7 40. Bb5 Nd5 41. Kg4 Nc3 42. Bc6 Ne2 43. Bf3 h5+ 44. Kh4 Nd4 45. Bb7 Nf5+ 46. Kh3 Rxg3+ 47. Kh2 h4 48. Bf3 Nd4 49. Ne4 Nxf3+ 50. Kh1 Rg4 51. gxf3 Rxf4 52. Kg2 Rxe4 53. fxe4 f6 54. exf6+ Kxf6 55. Kh3 g5 56. Kg4 Ke5 57. Kxg5 h3 58. Kg4 h2 0-1

[Event "Karl Mala Memorial op 10th"]
[Site "Griesheim"]
[Date "2006.07.22"]
[Round "4"]
[White "Schwabe, Manfred"]
[Black "Ehling, Dieter"]
[Result "1/2-1/2"]
[WhiteElo "1930"]
[BlackElo "1296"]
[PlyCount "87"]
[EventDate "2006.07.20"]
[EventType "swiss"]
[EventRounds "7"]
[EventCountry "GER"]
[SourceTitle "CBM 113 Extra"]
[Source "ChessBase"]
[SourceDate "2006.09.14"]
[SourceVersion "1"]
[SourceVersionDate "2006.09.14"]
[SourceQuality "1"]

1. d4 d5 2. Nf3 Nf6 3. Bf4 Bf5 4. e3 e6 5. Nbd2 Bd6 6. Bxd6 Qxd6 7. c4 c6 8. c5 Qc7 9. Ne5 Nbd7 10. Ndf3 0-0 11. Nxd7 Nxd7 12. Bd3 Bxd3 13. Qxd3 Rfe8 14. b4 e5 15. dxe5 Nxe5 16. Nxe5 Qxe5 17. 0-0 Re6 18. Rad1 f5 19. g3 Qe4 20. a3 Qxd3 21. Rxd3 Rd8 22. f3 Rde8 23. Kf2 Kf7 24. Re1 g5 25. Rd4 Kf6 26. h4 h6 27. b5 Ra8 28. bxc6 bxc6 29. Rb1 Rae8 30. Rb3 R6e7 31. a4 a5 32. Rd2 Ra8 33. Rb6 Rc7 34. e4 fxe4 35. fxe4 Ke5 36. Ke3 dxe4 37. Rd4 Rf8 38. Rxe4+ Kd5 39. Ra6 Rf1 40. Rg4 Re7+ 41. Kd2 Rf2+ 42. Kd3 Rf3+ 43. Kd2 Rf2+ 44. Kd3 1/2-1/2

[Event "Rhein Main op 09th"]
[Site "Bad Homburg"]
[Date "2006.06.14"]
[Round "1.40"]
[White "Diez, Gerhard"]
[Black "Ehling, Dieter"]
[Result "1-0"]
[WhiteElo "2014"]
[BlackElo "1310"]
[PlyCount "65"]
[EventDate "2006.06.14"]
[EventType "swiss"]
[EventRounds "7"]
[EventCountry "GER"]
[SourceTitle "EXT 2007"]
[Source "ChessBase"]
[SourceDate "2006.11.23"]
[SourceVersion "1"]
[SourceVersionDate "2006.11.23"]
[SourceQuality "1"]

1. e4 c6 2. d4 d5 3. exd5 cxd5 4. c4 Nf6 5. Nc3 e6 6. Nf3 Be7 7. cxd5 Nxd5 8. Bd3 0-0 9. 0-0 Nc6 10. a3 a6 11. Re1 Nf6 12. Bg5 b5 13. Bc2 Re8 14. Ne4 Bb7 15. Qd3 g6 16. Nc5 Qc7 17. Bb3 Na5 18. Ba2 Bd5 19. Ne5 Bxa2 20. Rxa2 Nd5 21. Bxe7 Rxe7 22. b4 Nc6 23. Rd2 Nxe5 24. dxe5 Qc6 25. Ne4 Rc8 26. Qf3 Rec7 27. h4 Kh8 28. Kh2 Rf8 29. Nf6 Nxf6 30. Qxf6+ Kg8 31. h5 gxh5 32. Re3 Rd8 33. Rxd8+ 1-0